000 00216 a2200097 4500
001 41026
100 _aSimons Harry
245 _aAdvanced Accounting
260 _aOHIO
_bS W Publishers Co.
_c
090 _c25260
_d25260
942 _aNUST-CAE
_cM
_c16959
999 _c276099
_d276099